| 000 | 00443nam a22001697a 4500 | ||
|---|---|---|---|
| 999 |
_c525700 _d525700 |
||
| 003 | NUST | ||
| 020 | _qH/B | ||
| 038 | _awaseem | ||
| 082 |
_a891.421 _bAIS |
||
| 100 |
_aSiddiqa, Aisha _916642 |
||
| 245 |
_aAhinna Haq-ul-Yaqeen / _cAisha Siddiqa |
||
| 260 |
_aIslamabad : _bPorab Academy, _c2015. |
||
| 300 | _a368 p. ; | ||
| 880 |
_6100-01\r _aعائشہ صدیقہ |
||
| 880 |
_6245-02\r _aآئینہ حق الیقین / |
||
| 942 |
_2ddc _cBK |
||